<?xml version="1.0" encoding="UTF-8"?><collection xmlns="info:lc/xmlns/marcxchange-v2"><record format="Unimarc" type="bibliographic"><leader>00704cam  2200217   450 </leader><controlfield tag="001">1872076</controlfield><controlfield tag="003">http://id.bnportugal.gov.pt/bib/porbase/1872076</controlfield><controlfield tag="005">20030529055000.0</controlfield><datafield ind1=" " ind2=" " tag="010"><subfield code="a">0-521-22515-9</subfield></datafield><datafield ind1=" " ind2=" " tag="035"><subfield code="6">19236</subfield></datafield><datafield ind1=" " ind2=" " tag="095"><subfield code="a">PTBN00830611</subfield></datafield><datafield ind1=" " ind2=" " tag="100"><subfield code="a">19960118d1993    k  y0pory0103    ba</subfield></datafield><datafield ind1="0" ind2=" " tag="101"><subfield code="a">eng</subfield></datafield><datafield ind1=" " ind2=" " tag="102"><subfield code="a">GB</subfield></datafield><datafield ind1="1" ind2=" " tag="200"><subfield code="a">Witness against the beast</subfield><subfield code="e">William Blake and the moral law</subfield><subfield code="f">E.P.Thompson</subfield></datafield><datafield ind1=" " ind2=" " tag="210"><subfield code="a">Cambridge</subfield><subfield code="c">Cambridge University Press</subfield><subfield code="d">1993</subfield></datafield><datafield ind1=" " ind2=" " tag="215"><subfield code="a">XXI,234p.,[20]p.est</subfield></datafield><datafield ind1=" " ind2=" " tag="675"><subfield code="a">820 Blake, William</subfield><subfield code="v">BN</subfield><subfield code="z">por</subfield><subfield code="3">1483194</subfield></datafield><datafield ind1=" " ind2="1" tag="700"><subfield code="a">Thompson</subfield><subfield code="b">E. P.</subfield><subfield code="f">1924-1993</subfield><subfield code="3">113535</subfield></datafield><datafield ind1=" " ind2="0" tag="801"><subfield code="a">PT</subfield><subfield code="b">BN</subfield><subfield code="g">RPC</subfield></datafield><datafield ind1=" " ind2=" " tag="977"><subfield code="1">82.09 THO</subfield><subfield code="2">coop</subfield><subfield code="4">IPLGD</subfield><subfield code="6">mq3061685</subfield><subfield code="7">bc</subfield><subfield code="8">coop</subfield><subfield code="9">IPLGD</subfield><subfield code="k">0</subfield></datafield><datafield ind1=" " ind2=" " tag="977"><subfield code="1">IN 821.6 BLA</subfield><subfield code="2">coop</subfield><subfield code="4">UCLE</subfield><subfield code="6">mq997703</subfield><subfield code="7">bc</subfield><subfield code="8">coop</subfield><subfield code="9">UCLE</subfield><subfield code="b">14455</subfield><subfield code="k">0</subfield></datafield><datafield ind1=" " ind2=" " tag="998"><subfield code="a">CLE47-1293</subfield></datafield></record></collection>